Pashu: (Record no. 181264)

MARC details
000 -LEADER
fixed length control field 00710nam a22002057a 4500
005 - DATE AND TIME OF LATEST TRANSACTION
control field 20210907103352.0
010 ## - LCCN (DPL NO)
LC control number B-741437
020 ## - INTERNATIONAL STANDARD BOOK NUMBER
International Standard Book Number 9780143332473
Terms of availability 299.00
035 ## - SYSTEM CONTROL NUMBER
System control number B-741437
037 ## - SOURCE OF ACQUISITION
Source of stock number/acquisition Gift
082 ## - DEWEY DECIMAL CLASSIFICATION NUMBER
Classification number 230
100 ## - MAIN ENTRY--PERSONAL NAME
Personal name Pattanaik, Devdutt
245 ## - TITLE STATEMENT
Title Pashu:
Remainder of title animal tales from Hindu mythology /
Statement of responsibility, etc by Devdutt Pattanaik
260 ## - PUBLICATION, DISTRIBUTION, ETC. (IMPRINT)
Place of publication, distribution, etc Gurgaon
Name of publisher, distributor, etc Puffin Books
Date of publication, distribution, etc 2014
270 ## - ADDRESS
Address 7th Floor, Infinity Tower C, DLF Cyber City,
City Gurgaon
Postal code 122002
300 ## - PHYSICAL DESCRIPTION
Extent 165p.:
Dimensions 20cm(pbk)
Other physical details ill.
710 ## - ADDED ENTRY--CORPORATE NAME
Corporate name or jurisdiction name as entry element
942 ## - ADDED ENTRY ELEMENTS (KOHA)
Source of classification or shelving scheme Dewey Decimal Classification
Item type Children Books
Classification part 230
Call number suffix PAT
Holdings
Withdrawn status Lost status Not for loan Collection code Home library Current library Date acquired Source of acquisition Cost, normal purchase price Full call number Barcode Copy number Cost, replacement price Koha item type Public note
      Non-fiction Central Library Central Library 07/09/2021 Gift/Eng/18-08-2021 299.00 230 PAT B-741437 1 299.00 Children Books Gift

© Delhi Public Library
Hit Counter
free hit counter